Prácticas agrícolas tradicionales del Pueblo Indígena de Los Pastos, en los resguardos de Cumbal, Chiles, Panan, Colimba, Pastas, Lales y Yaramal. (Registro nro. 5505)
[ vista simple ]
| 000 -CABECERA | |
|---|---|
| Campo de control | 01498nam a2200361 a 4500 |
| 005 - FECHA Y HORA DE LA ULTIMA TRANSACCION | |
| Campo de control | 20180803165259.0 |
| 008 - ELEMENTOS DE LONGITUD FIJA—INFORMACION GENERAL | |
| Campo de control | 150708b2005 ck ||||| |||| 00| 0 spa d |
| 040 ## - FUENTE DE CATALOGACIÓN | |
| Agencia catalogadora original | CO-BoIAVH |
| Agencia transcriptora | CO-BoIAVH |
| 041 ## - IDIOMA | |
| Código de idioma para texto/pista de sonido o título separado | Español |
| 044 ## - PAÍS DE PUBLICACIÓN | |
| País de publicación | Colombia |
| 082 04 - NUMERO DE CLASIFICACION DECIMAL DEWEY | |
| Número de clasificación | 631.5 |
| Número del ítem | C82p |
| 110 1# - ASIENTO PRINCIPAL--NOMBRE CORPORATIVO | |
| Nombre corporativo o de jurisdicción como elemento de entrada | Colombia. |
| Unidad subordinad | Corporación Autónoma Regional de Nariño |
| 9 (RLIN) | 89889 |
| 245 10 - MENCION DE TITULO | |
| Título | Prácticas agrícolas tradicionales del Pueblo Indígena de Los Pastos, en los resguardos de Cumbal, Chiles, Panan, Colimba, Pastas, Lales y Yaramal. |
| 260 ## - PUBLICACION, DISTRIBUCION, ETC. (PIE DE IMPRENTA) | |
| Lugar de publicación, distribución, etc. | Ipiales: |
| Nombre del editor, distribuidor, etc. | Corponariño, |
| Fecha de publicación, distribución, etc. | 2005. |
| 300 ## - DESCRIPCION FISICA | |
| Extensión | 36 paginas. |
| Dimensiones | 28 x 22 cm |
| 650 #4 - ASIENTO SECUNDARIO DE MATERIA - TERMINO TEMATICO | |
| Término temático o nombre geográfico como elemento de entrada | Buenas prácticas agrícolas |
| 9 (RLIN) | 4901 |
| 650 #4 - ASIENTO SECUNDARIO DE MATERIA - TERMINO TEMATICO | |
| Término temático o nombre geográfico como elemento de entrada | Conocimiento tradicional |
| 9 (RLIN) | 92244 |
| 650 ## - ASIENTO SECUNDARIO DE MATERIA - TERMINO TEMATICO | |
| Término temático o nombre geográfico como elemento de entrada | Resguardo indígena de Cumbal |
| Subdivisión geográfica | Nariño (Dpto.) |
| 9 (RLIN) | 89891 |
| 650 #4 - ASIENTO SECUNDARIO DE MATERIA - TERMINO TEMATICO | |
| Término temático o nombre geográfico como elemento de entrada | Resguardo indígena de Chiles |
| Subdivisión geográfica | Nariño (Dpto.) |
| 9 (RLIN) | 89892 |
| 650 14 - ASIENTO SECUNDARIO DE MATERIA - TERMINO TEMATICO | |
| Término temático o nombre geográfico como elemento de entrada | Resguardo indígena de Panan |
| Subdivisión geográfica | Nariño (Dpto.) |
| 9 (RLIN) | 89893 |
| 650 ## - ASIENTO SECUNDARIO DE MATERIA - TERMINO TEMATICO | |
| Término temático o nombre geográfico como elemento de entrada | Resguardo indígena de Colimba |
| Subdivisión geográfica | Nariño (Dpto.) |
| 9 (RLIN) | 89894 |
| 650 #4 - ASIENTO SECUNDARIO DE MATERIA - TERMINO TEMATICO | |
| Término temático o nombre geográfico como elemento de entrada | Resguardo indígena de Pastas |
| Subdivisión geográfica | Nariño (Dpto.) |
| 9 (RLIN) | 89895 |
| 650 #6 - ASIENTO SECUNDARIO DE MATERIA - TERMINO TEMATICO | |
| Término temático o nombre geográfico como elemento de entrada | Resguardo indígena de Males |
| Subdivisión geográfica | Nariño (Dpto.) |
| 9 (RLIN) | 89896 |
| 650 #6 - ASIENTO SECUNDARIO DE MATERIA - TERMINO TEMATICO | |
| Término temático o nombre geográfico como elemento de entrada | Resguardo indígena de Yaramal |
| Subdivisión geográfica | Nariño (Dpto.) |
| 9 (RLIN) | 89897 |
| 700 1# - ASIENTO SECUNDARIO - NOMBRE PERSONAL | |
| Nombre personal | Bolaños-López, Alvaro |
| Término de relación | coordinador |
| 9 (RLIN) | 35420 |
| 700 1# - ASIENTO SECUNDARIO - NOMBRE PERSONAL | |
| Nombre personal | Ibarra-Ceballos, Enrique |
| 9 (RLIN) | 35421 |
| 700 1# - ASIENTO SECUNDARIO - NOMBRE PERSONAL | |
| Nombre personal | Muñoz-Lemus, Fabiola |
| 9 (RLIN) | 35422 |
| 700 1# - ASIENTO SECUNDARIO - NOMBRE PERSONAL | |
| Nombre personal | Calvachi, Andrea |
| 9 (RLIN) | 35423 |
| 700 1# - ASIENTO SECUNDARIO - NOMBRE PERSONAL | |
| Nombre personal | Narváez, William |
| 9 (RLIN) | 35424 |
| 700 1# - ASIENTO SECUNDARIO - NOMBRE PERSONAL | |
| Nombre personal | Aguilar-Montenegro, Yady |
| 9 (RLIN) | 35425 |
| 942 ## - ELEMENTOS ADICIONALES (KOHA) | |
| Tipo de ítem | Libro |
| Sistema de clasificación | Dewey Decimal Classification |
| 945 ## - PROCESAMIENTO LOCAL | |
| AAAA-MM-DD - Fecha de ingreso o modificacion | 2007-05-10 |
| Withdrawn status | Lost status | Sistema de Clasificación | Damaged status | No para préstamo | Colección | Inventariado | Ubicación Permanente | Ubicación actual | Fecha de adquisición | Fuente de Valor | Valor | Total Checkouts | Número topográfico | Inventario / Código de Barras | Date last seen | Ejemplar | Price effective from | Forma de adquisición | Tipo de material |
|---|---|---|---|---|---|---|---|---|---|---|---|---|---|---|---|---|---|---|---|
| Dewey Decimal Classification | General | Inventariado 2017 | Bogotá | Villa de Leyva | 10/05/2007 | Instituto | 15000.00 | LB-631.5 C82p | 024072 | 04/12/2012 | Ej.1 | 04/12/2012 | Libro |